| 000 | 00398nam a22001457a 4500 | ||
|---|---|---|---|
| 005 | 20240109081656.0 | ||
| 008 | 231026b |||||||| |||| 00| 0 eng d | ||
| 041 | _aEnglish | ||
| 082 | _a346.7 KAT | ||
| 100 | _lEnglish | ||
| 245 | _aKatherine Potter vs. Schrackle Insurance Company Ltd. | ||
| 300 |
_b13 pages ; _c30,4 cm. |
||
| 650 |
_aLegal practice _bLaw |
||
| 942 |
_cBK _6ALISON_VRIES |
||
| 999 |
_c70 _d70 |
||